ARRUPE JESUIT UNIVERSITY

CORONAVIRUS -STOP THE SPREAD - CLEAN,DISINFECT,COVER

Gender in southern Africa : (Record no. 125391)

MARC details
000 -LEADER
fixed length control field 01085nam a2200325 a 4500
001 - CONTROL NUMBER
control field 3101699
003 - CONTROL NUMBER IDENTIFIER
control field ARRUPE
005 - DATE AND TIME OF LATEST TRANSACTION
control field 20160928104608.0
008 - FIXED-LENGTH DATA ELEMENTS--GENERAL INFORMATION
fixed length control field 990211s1998 rh b 001 0 eng
010 ## - LIBRARY OF CONGRESS CONTROL NUMBER
LC control number 98983227
020 ## - INTERNATIONAL STANDARD BOOK NUMBER
International Standard Book Number 1779050674
040 ## - CATALOGING SOURCE
Original cataloging agency DLC
Transcribing agency DLC
042 ## - AUTHENTICATION CODE
Authentication code lcode
043 ## - GEOGRAPHIC AREA CODE
Geographic area code fs-----
050 00 - LIBRARY OF CONGRESS CALL NUMBER
Classification number DT733
082 00 - DEWEY DECIMAL CLASSIFICATION NUMBER
Classification number 305.42222/0968
Edition number 21
300 ## - PHYSICAL DESCRIPTION
Dimensions 21 cm.
100 ## - MAIN ENTRY--PERSONAL NAME
Personal name McFadden, Patricia
9 (RLIN) 26324
245 00 - TITLE STATEMENT
Title Gender in southern Africa :
Remainder of title a gendered perspective /
Statement of responsibility, etc Patricia McFadden (ed.) ; Jenifer Chiriga ... et al.
246 14 - VARYING FORM OF TITLE
Title proper/short title Southern Africa in transition
260 ## - PUBLICATION, DISTRIBUTION, ETC. (IMPRINT)
Place of publication, distribution, etc Harare :
Name of publisher, distributor, etc SAPES Books,
Date of publication, distribution, etc 1998.
300 ## - PHYSICAL DESCRIPTION
Extent vi, 148 p. ;
500 ## - GENERAL NOTE
General note "SAPES Trust"--P. [4] of cover.
504 ## - BIBLIOGRAPHY, ETC. NOTE
Bibliography, etc Includes bibliographical references (p. [137]-144) and indexes.
700 1# - ADDED ENTRY--PERSONAL NAME
Personal name McFadden, Patricia.
9 (RLIN) 26325
700 1# - ADDED ENTRY--PERSONAL NAME
Personal name Chiriga, Jenifer.
9 (RLIN) 26326
710 2# - ADDED ENTRY--CORPORATE NAME
Corporate name or jurisdiction name as entry element SAPES Trust.
9 (RLIN) 23049
906 ## - LOCAL DATA ELEMENT F, LDF (RLIN)
a 7
b cbc
c origode
d 3
e ncip
f 19
g y-gencatlg
942 ## - ADDED ENTRY ELEMENTS (KOHA)
Source of classification or shelving scheme Library of Congress Classification
Koha item type Monograph ( Printed materials)
Holdings
Withdrawn status Lost status Source of classification or shelving scheme Damaged status Not for loan Collection code Home library Current library Shelving location Date acquired Total Checkouts Full call number Barcode Date last seen Price effective from Koha item type
    Library of Congress Classification     Main Collection ARRUPE LIBRARY ARRUPE LIBRARY Main Collection 28/09/2016   DT733 46500010046 07/12/2017 28/09/2016 Monograph ( Printed materials)

 

Arrupe Library. PO Box MP320 Mt Pleasant, Harare, Zimbabwe
263 242 745411|librarian@aju.ac.zw